000 00527nam a2200229Ia 4500
003 OSt
005 20220924142206.0
006 a|||||r|||| 00| 0
007 ta
008 220923b |||||||| |||| 00| 0 ben d
024 _a300711
037 _cTextual
040 _aARTS
_cARTS
_bben
041 _2ben
_aben
082 _aV2.N, 157M6
100 _aRoy
_9120881
245 0 _aItihaschareha
260 _c1986
650 _aHISTORY
942 _hV2.N, 157M6
_cTEXL
_2CC
999 _c449594
_d449594